书目信息 |
| 题名: |
环球凉热:中国人认识世界的历程
|
|
| 作者: | 乔治忠 著 | |
| 分册: | ||
| 出版信息: | 郑州 河南人民出版社 1998.05 |
|
| 页数: | 172页 | |
| 开本: | 32开 | |
| 丛书名: | ||
| 单 册: | ||
| 中图分类: | G125 | |
| 科图分类: | ||
| 主题词: | 文化事业--中国 | |
| 电子资源: | ||
| ISBN: | 7-215-04085-2 | |
| 000 | 00592nam0 2200193 45 | |
| 001 | 0007250886 | |
| 005 | 20000725083110.0 | |
| 010 | @a7-215-04085-2@d9.50元 | |
| 100 | @a20000725d1998 km y0chiy0120 ea | |
| 101 | 0 | @achi |
| 105 | @a z 000yy | |
| 200 | 1 | @a环球凉热:中国人认识世界的历程@AHuan Qiu Liang Re:Zhong Guo Ren Ren Shi Shi Jie De Li Cheng@f乔治忠 著@FQiao Zhi Zhong Zhu |
| 210 | @a郑州@c河南人民出版社@d1998.05 | |
| 215 | @a172页@d32开 | |
| 606 | 0 | @a文化事业@x中国 |
| 690 | @aG125@v3 | |
| 701 | 0 | @a乔治忠@4著 |
| 801 | @aCN@bPftUser@c20000725 | |
| 905 | @b76997-001@dG125@eQ983@f5 | |
| 环球凉热:中国人认识世界的历程/乔治忠 著.-郑州:河南人民出版社,1998.05 |
| 172页;32开 |
| ISBN 7-215-04085-2:9.50元 |
| ● |
| 相关链接 |
|
|
|
正题名:环球凉热:中国人认识世界的历程
索取号:G125/Q983
 
预约/预借
| 序号 | 登录号 | 条形码 | 馆藏地/架位号 | 状态 | 备注 |
| 1 | 76997 | 200769971 | 社科库409/409社科库 56排4列3层/ [索取号:G125/Q983] | 在馆 | |
| 2 | 76998 | 200769980 | 社科库409/409社科库 56排4列3层/ [索取号:G125/Q983] | 在馆 | |
| 3 | 76999 | 200769999 | 社科库409/409社科库 56排4列3层/ [索取号:G125/Q983] | 在馆 | |
| 4 | 77000 | 200770004 | 社科库409/409社科库 56排4列3层/ [索取号:G125/Q983] | 在馆 | |
| 5 | 77001 | 200770013 | 社科库409/409社科库 56排4列3层/ [索取号:G125/Q983] | 在馆 |